Statistics for Top 10 Largest Countries by Area Quiz

Click here to take the quiz!

General Stats

  • This quiz has been taken 18 times
  • The average score is 9 of 10

Answer Stats

Sq.km Country % Correct
11 millionRussia
100%
10 millionCanada
100%
10 millionUnited States
100%
10 millionChina
100%
9 millionBrazil
100%
3 millionArgentina
100%
8 millionAustralia
94%
3 millionIndia
88%
3 millionKazakhstan
82%
2 millionAlgeria
82%

Score Distribution

Percentile by Number Answered

Percent of People with Each Score

Your Score History

You have not taken this quiz